[Event "NM Junior Gruppe D 2002"]
[Site "Tjele"]
[Date "2002.02.16"]
[Round "6"]
[White "Fogh, Jens Olaf Svanholm"]
[Black "Skovgaard, Peter Nicolai"]
[Result "0-1"]
[WhiteElo "1200"]
[BlackElo "1615"]
[PlyCount "56"]
[EventDate "2002.??.??"]

1. e4 c5 2. Nf3 d6 3. d4 cxd4 4. Nxd4 Nf6 5. Nc3 g6 6. Be3 Bg7 7. f3 O-O 8. Qd2
Nc6 9. Bc4 Bd7 10. O-O-O Qa5 11. h4 Rfc8 12. Kb1 Nxd4 13. h5 Rxc4 14. Bxd4 Rac8
15. hxg6 fxg6 16. g4 Be6 17. Rh4 Rxc3 18. Qxc3 Rxc3 19. Bxc3 Qxa2+ 20. Kc1 g5
21. Rh2 Qc4 22. Rdh1 h6 23. e5 dxe5 24. Bxe5 Nxg4 25. fxg4 Bxe5 26. Rxh6 Bf4+
27. Kd1 Bxg4+ 28. Ke1 Qe2# 0-1

[Event "NM Junior Gruppe D 2002"]
[Site "Tjele"]
[Date "2002.02.16"]
[Round "6"]
[White "Hammer, Jon Ludvig"]
[Black "Blomqvist, Erik"]
[Result "1/2-1/2"]
[WhiteElo "1500"]
[BlackElo "1634"]
[PlyCount "79"]
[EventDate "2002.??.??"]

1. Nf3 Nf6 2. g3 g6 3. b4 Bg7 4. Bb2 d5 5. Bg2 O-O 6. O-O Re8 7. d3 c6 8. Nbd2
Nbd7 9. c4 b6 10. a4 a5 11. Nd4 Bb7 12. b5 cxb5 13. Nxb5 Nc5 14. Rb1 e5 15.
Bxe5 Rxe5 16. d4 Re7 17. dxc5 bxc5 18. Nc3 Ra7 19. Nb3 d4 20. Nb5 Bxg2 21. Kxg2
Ra8 22. Nxc5 Qb6 23. Nb3 Qc6+ 24. Kg1 Qxc4 25. N3xd4 Rd8 26. e3 Ne4 27. Qc1 Rc8
28. Qa3 Ree8 29. Rbc1 Qd5 30. Nc7 Rxc7 31. Rxc7 Bxd4 32. exd4 Nd2 33. Re7 Rxe7
34. Qxe7 Nf3+ 35. Kg2 Ne1+ 36. Kh3 Qg2+ 37. Kg4 Qxf1 38. Qe8+ Kg7 39. Qe5+ Kg8
40. Qe8+ 1/2-1/2

[Event "NM Junior Gruppe D 2002"]
[Site "Tjele"]
[Date "2002.02.16"]
[Round "6"]
[White "Skjoldan, Benjamin"]
[Black "Mortensen, Rogvi"]
[Result "1-0"]
[WhiteElo "1762"]
[BlackElo "1270"]
[PlyCount "42"]
[EventDate "2002.??.??"]

1. d4 Nf6 2. c4 g6 3. Nc3 Bg7 4. Nf3 O-O 5. e3 d6 6. Be2 Nbd7 7. b3 e5 8. Bb2
Qe7 9. Qc2 Ne8 10. Nd5 Qd8 11. O-O-O c6 12. Nc3 Qc7 13. dxe5 dxe5 14. Kb1 Nc5
15. h4 Bf5 16. e4 Nxe4 17. Nxe4 Rd8 18. Rxd8 Qxd8 19. Rd1 Qb6 20. Nxe5 Nc7 21.
Nd7 Re8 1-0